• 首页
  • 本馆介绍
  • 公告通知
  • 最新文献
  • 馆藏检索
  • 电子资源
  • 读者导购
  • 参考咨询
  • 我的图书馆
  • 登录
  • 详细信息显示
  • 放入我的书架
  • 预约/预借图书
  • 作者相关作品
  • 分类相关作品
  • 丛书相关作品
  • 出版社相关作品

书目信息

  • 表格格式
  • 工作单格式
  • 卡片格式
题名:
行家这样买碧玺
    
 
作者: 汤惠民 著
分册:  
出版信息: 北京   北京联合出版公司  2013
页数: 282页
开本: 29cm
丛书名:
单 册:
中图分类: F768.7
科图分类:
主题词: 电气石--基本知识 , 电气石--选购--基本知识
电子资源:
ISBN: 978-7-5502-2269-4
000 01049nam0 2200265 450
001 339298
005 20150608091107.14
010    @a978-7-5502-2269-4@dCNY128.00
100    @a20140122d2013 em y0chiy50 ea
101 0  @achi
102    @aCN@b110000
105    @aa z 000yy
106    @ar
200 1  @a行家这样买碧玺@Ahang jia zhe yang mai bi xi@e宝石界投资收藏最新宠@f汤惠民著
210    @a北京@c北京联合出版公司@d2013
215    @a282页@c彩图@d29cm
300    @a紫图书库6459 名牌志57/黄利主编
330    @a本书配有300幅高清裸石、饰品图片, 精美绝伦。书中内容囊括碧玺的传说、历史、形成、产地、种类、特性、保养、等级评价、优化处理、饰品挑选、真伪鉴别、购买误区、市场行情、投资真经、进修渠道等, 还有碧玺的名牌珠宝推荐以及著名珠宝设计大师碧玺设计精品鉴赏等。
517 1  @a宝石界投资收藏最新宠@Abao shi jie tou zi shou cang zui xin chong
606 0  @a电气石@x基本知识
606 0  @a电气石@x选购@x基本知识
690    @aF768.7@v5
701  0 @a汤惠民@Atang hui min@f(1967)@4著
801  0 @aCN@b卓展宏图@c20150525
905    @dF768.7@e44@f1
    
    行家这样买碧玺:宝石界投资收藏最新宠/汤惠民著.-北京:北京联合出版公司,2013
    282页:彩图;29cm
    紫图书库6459 名牌志57/黄利主编
    
    ISBN 978-7-5502-2269-4:CNY128.00
    本书配有300幅高清裸石、饰品图片, 精美绝伦。书中内容囊括碧玺的传说、历史、形成、产地、种类、特性、保养、等级评价、优化处理、饰品挑选、真伪鉴别、购买误区、市场行情、投资真经、进修渠道等, 还有碧玺的名牌珠宝推荐以及著名珠宝设计大师碧玺设计精品鉴赏等。
●
相关链接 在E读中查询图书 在五车中查询图书 在当当中查询图书 在豆瓣中查询图书


正题名:行家这样买碧玺     索取号:F768.7/44         预约/预借

序号 登录号 条形码 馆藏地/架位号 状态 备注
1 864425   208644252   第一样本阅览室/ [索取号:F768.7/44] 在馆    
唐山师范学院图书馆 欢迎您!
大连网信软件有限公司© 版权所有